00369nam a2200145Ia 4500008004100000020001800041041001200059082001100071100001800082245006200100250000800162260003100170300001500201650000700216221030s9999 xx 000 0 und d a9789380027128 aEnglish a105.23 aR. K. Agarwal 0aPrinciples of Electrical Machine Designcby R. K. Agarwal a4th bS. K. KatariaaDelhic2007 a602, 16.50 aEE